[Event "Olympiad-36"]
[Site "Mallorca"]
[Date "2004.10.28"]
[Round "13"]
[White "Tiviakov, Sergei"]
[Black "Berg, Emanuel"]
[Result "1/2-1/2"]
[WhiteElo "2617"]
[BlackElo "2529"]
[Annotator "Tiviakov/Berg"]
[PlyCount "79"]
[EventDate "2004.10.15"]
[EventType "team-swiss"]
[EventRounds "14"]
[EventCountry "ESP"]
[SourceTitle "CBM 104"]
[Source "ChessBase"]
[SourceDate "2005.01.27"]
[SourceVersion "1"]
[SourceVersionDate "2005.01.27"]
[SourceQuality "1"]
[WhiteTeam "Netherlands"]
[BlackTeam "Sweden"]
[WhiteTeamCountry "NED"]
[BlackTeamCountry "SWE"]

1. e4 e6 2. d4 d5 3. Nd2 Nf6 4. e5 Nfd7 5. c3 c5 6. Bd3 Nc6 7. Ne2 cxd4 8. cxd4
f6 9. exf6 Nxf6 10. O-O Bd6 11. Nf3 Qc7 12. Bg5 O-O 13. Rc1 h6 $5 14. Bh4 (14.
Bd2 $146 Bd7 (14... Nh5 15. Ng3 Nxg3 16. hxg3 g5 17. Bb1 Qg7 18. Be3 Bd7 19.
Nh2 Rf7 20. Qh5 e5 21. dxe5 Bxe5 22. Ng4 Bxg4 23. Qxg4 Bxb2 24. Rc5 Ne7 25. Rd1
Be5 26. a4 Rd8 {1/2-1/2 Yakovlev,V-Tsin,I/Volgograd 1986 (26)}) 15. b4 $5 (15.
Bb1 Be8 16. Ng3 Qb6 17. Bc3 Bf4 18. Rc2 Bg6 19. Re2 Bxb1 20. Qxb1 Rae8 21. Qd3
Bxg3 22. hxg3 Ne4 23. Nd2 Nxd2 24. Qxd2 e5 25. Rfe1 {1/2-1/2 Lakos,N-Rudolf,A/
Szombathely HUN 2004/The Week in Chess 495 (25)}) (15. Re1 Rac8 16. Nc3 a6 17.
Na4 Rce8 18. Ne5 Qb8 19. Bc3 b5 20. Nc5 Nxe5 21. Nxa6 Nf3+ 22. gxf3 Qd8 23. Bb4
Bxb4 24. Nxb4 Nh5 25. Kh1 Nf4 26. Rg1 Nh3 27. Rg2 Qh4 28. Rc7 Re7 29. Qe1 Rxf3
30. Rxd7 Nxf2+ 31. Rxf2 {1-0 Gildred,T-Wilgenhof,O/Chessfriend.com 2003/
Telechess CBM 99 (31)}) 15... a6 16. a4 Qb8 (16... Qb6 17. b5 axb5 18. axb5 Nb4
19. Bxb4 Bxb4 20. Ne5 Bxb5 21. Rb1 Ba4 (21... Ba6 22. Nf4 $36 {88/246}) 22. Qe1
Bxe1 23. Rxb6 Ba5 24. Rxb7 $14 {88/246}) 17. b5 axb5 18. axb5 Na5 19. Re1 (19.
Ne5 Bxe5 20. dxe5 Qxe5 21. Nf4 Qd6 22. Ng6 Rfe8 23. Qe1 Nc4 (23... Ng4 24. g3
e5 25. Bb4 Qf6 26. Rc7 e4 27. Rxd7 Qxg6 28. Be2 Nf6 29. Rc7 b6 30. Qc3 $44 {
88/246}) 24. Bb4 Qb6 25. Ne7+ Kh8 26. Ng6+ Kg8 $11 {88/246}) 19... Nc4 20. Bxc4
dxc4 21. Nc3 Ng4 $1 (21... Nd5 $2 22. Ne5 Nxc3 23. Rxc3 Bxb5 24. Bxh6 $1 $40 {
88/246}) 22. g3 Be8 23. Qe2 Kh8 (23... Bh5 24. Qxe6+ Kh8 25. Ne4 Rxf3 26. Qd5
$1 g5 (26... Bf7 27. Qxd6 Qxd6 28. Nxd6 Bd5 29. Re2 $14 {88/246}) 27. Nxd6 Qf8
$44 {88/246}) 24. Ne5 (24. Qxe6 Bh5 {- 23...Bh5 24.Qe6 Kh8} (24... Nxh2 $6 25.
Nxh2 Bxg3 26. f4 $1 Bxe1 27. Rxe1 $14 {88/246})) 24... Nxe5 $142 (24... Rxf2 $2
25. Qxg4 Rxd2 26. Nxc4 Rd3 27. Qe4 Rxc3 28. Rxc3 Bb4 {(Rublevsky,S-Ulibin,M/
Moscow 2003/CBM 94/Inf 88/246)} 29. Rf1 $5 Bg6 (29... Bxb5 30. Rc2 Ra6 31. Rb1
$16 {88/246}) 30. Qxg6 Bxc3 31. Qd3 Bb4 32. Ne5 $16 Qa7 $140 33. Nf7+ Kg8 34.
Nxh6+ gxh6 35. Qg6+ Kh8 36. Qxh6+ Kg8 37. Qg5+ Kh8 38. Rf4 $18 {88/246}) 25.
dxe5 Bc5 26. Be3 Qc8 (26... Qxe5 27. Qxc4 {Tiviakov}) 27. Bxc5 Qxc5 28. Qe3 Rc8
$11 {88/246}) 14... Nh5 (14... Ne4 15. Nc3 (15. Qc2 g5 16. Bg3 Nxg3 17. hxg3
Qg7 18. Qd2 Bd7 19. Bb1 Ne7 20. Nc3 Nf5 21. Rfe1 Rae8 22. Ne5 Bb4 23. Qd3 Bc8
24. Qb5 Bxc3 25. bxc3 Qf6 26. Qd3 Qg7 27. Re2 h5 28. Rce1 Rf6 29. g4 hxg4 30.
Nxg4 Rff8 31. Qh3 Nh4 32. Re5 Re7 33. Qe3 {1-0 Harding-Trueman/corr GB grand
open 1988 (33)}) (15. Bg3 Nxg3 {- 14...Nh5 15.Bg3 Ng3}) 15... Bf4 16. Rc2 (16.
Rb1 Ng5 17. Bxg5 hxg5 18. g3 g4 19. Nh4 Bh6 20. Qxg4 Qf7 21. Qg6 Qxg6 22. Nxg6
Rf3 23. Be2 Rf6 24. Ne5 Nxd4 25. f4 Rf8 26. h4 b5 27. Bg4 b4 28. Na4 Rd8 29.
Rfd1 Nf5 30. Bxf5 exf5 31. Rd4 Be6 32. Nc5 Bf7 33. Rbd1 Rac8 34. Nxf7 Kxf7 35.
Rxd5 Rxd5 36. Rxd5 g6 37. Nb3 Bg7 38. Rd7+ Kf8 39. Rd2 a5 40. Nxa5 Ra8 41. Nc6
Rxa2 42. Nxb4 Rxb2 43. Rxb2 Bxb2 44. Kf2 {1/2-1/2 Watanabe,R-Adla,D/Adelaide
1988/TD (44)}) 16... Ng5 17. Bxg5 (17. Nxg5 hxg5 18. Bg3 Qf7 19. Bb5 Bd7 20.
Qe2 Qf6 21. Re1 Rae8 22. Na4 b6 23. Nc3 a6 24. Bxc6 Bxc6 25. Qd3 b5 26. b4 Bd7
27. Nb1 Re7 28. Nd2 Be8 29. Nb3 Bh5 30. f3 g4 31. fxg4 Bxg4 32. Rf2 Qh6 33.
Bxf4 Rxf4 34. Rxf4 Qxf4 35. Qe3 Qd6 36. Nc5 Bf5 37. Qe5 Qxe5 38. Rxe5 Ra7 39.
Nxe6 Bxe6 40. Rxe6 a5 41. bxa5 Rxa5 42. Rb6 Kf7 43. h3 Ra4 44. Rxb5 Rxd4 45.
Rb2 Ke6 46. Kf2 Rd3 47. Ke2 Rg3 48. Kf2 Ra3 49. Ke1 d4 50. Rb7 g5 51. Rb5 g4
52. hxg4 Rxa2 53. g5 {1/2-1/2 Puljek Salai,Z-Voiska,M/Jajce 1986/EXT 97 (53)})
17... hxg5 18. g3 (18. h3 $5 $14) 18... g4 19. Nh4 Bh6 20. Qxg4 (20. a3 Qf7 21.
Nb5 a6 22. Nd6 Qf6 23. Ng6 Rd8 24. Nxc8 Raxc8 25. Qxg4 Nxd4 26. Rxc8 Rxc8 27.
Ne7+ Qxe7 28. Qxd4 Rc6 29. Re1 Bg5 30. Qe5 Qd8 31. h4 Bf6 32. Qh5 e5 33. Bf5
Kf8 34. Rd1 Rd6 35. g4 e4 36. b4 Qb6 37. g5 Bd4 38. Qh8+ Ke7 39. Kg2 Rd8 40.
Qh7 Rf8 41. Rd2 Qd6 42. Bxe4 Be5 43. Bxd5 {1-0 Teodoro,E-Vujic,B/Toronto CAN
2000/The Week in Chess 304 (43)}) 20... Qf7 {[/\e5, Zapata,A-Vaganian,R/
Thessaloniki 1984/EXT 97-B/Inf 38/392]} 21. Bg6 $142 $1 Qf6 22. Rd1 e5 23. Qh5
Nxd4 24. Nxd5 Qg5 25. Rc7 Bg4 26. Bf7+ Kh7 27. Qg6+ Kh8 28. Rd3 (28. Qxg5 Bxg5
29. Ng6+ Kh7 30. Nxf8+ Rxf8 31. Ra1 $18) 28... Rxf7 29. Qxf7 Bh5 30. Qe7 Rd8
31. Qc5 b6 32. Qc4 Be2 33. Ne7 e4 34. Rxd4 Bxc4 35. Rxd8+ Kh7 36. Rxc4 Qxe7 37.
Rh8+ {1-0 Popovic,P-Stamenkovic,Z/Ulcinj 1998/EXT 99 (37)}) (14... Qb6 15. Qd2
(15. Nc3 Qxb2 16. Nb5 Bf4 17. Rb1 Qxa2 18. Ra1 Qb2 19. Rb1 Qa2 20. Ra1 {
1/2-1/2 Lau,R-Bischoff,K/Germany 1985/GER-chT (20)}) 15... e5 16. Rxc6 bxc6 17.
dxe5 Ne4 18. Qc2 Bc7 19. Rc1 Bg4 20. Bxe4 dxe4 21. Qxe4 Bxf3 22. gxf3 Qxb2 23.
f4 Bd8 24. Bg3 Qxa2 25. Rxc6 Rb8 26. Nc3 Qa1+ 27. Kg2 Rb6 28. Rc8 Qa6 29. Qd5+
Kh7 30. Rxd8 Rxd8 31. Qxd8 Qb7+ 32. Qd5 g6 33. Kf3 Kg7 34. Bh4 Qxd5+ 35. Nxd5
Rb3+ 36. Ke4 Kf7 37. f5 gxf5+ 38. Kxf5 Rf3+ 39. Nf4 a5 40. e6+ Ke8 41. Ke5 Rc3
42. Nd5 {1-0 Buljubasic,S-Krenek,M/Vienna 2003/CBM 95 ext (42)}) (14... Bd7 15.
Bg3 (15. Re1 Be8 16. Bg3 Qe7 17. Bxd6 Qxd6 18. Ng3 Bf7 19. Bb1 Qb4 20. Rc3 Rac8
21. Rb3 Qe7 22. Ne5 Be8 23. Nf5 Qc7 24. Nxc6 Bxc6 25. Rxe6 Ba4 26. Ne7+ Kh8 27.
Nxc8 Bxb3 28. axb3 Rxc8 29. Re1 Qb6 30. g3 Qb4 31. Re6 Rc6 32. Re5 Rb6 33. Qc2
Kg8 34. Qc8+ Qf8 35. Bh7+ Nxh7 36. Re8 Qxe8 37. Qxe8+ Nf8 38. Qd8 Rb5 39. f4
Kf7 40. g4 a6 41. f5 Nh7 42. h4 {1-0 Frolov,A-Brodsky,M/Jurmala 1989/CBM 13 
(42)}) 15... Bxg3 16. Nxg3 Qf4 17. a3 g5 18. Bb1 Rf7 19. Qd3 Rg7 20. Ne2 Qd6
21. Rfe1 Rf8 22. Ng3 Qf4 23. Ne2 Qg4 24. h3 Qh5 25. Ne5 Qe8 26. Ng3 Nxe5 27.
dxe5 Nh5 28. Nxh5 Qxh5 29. Rc7 g4 30. Qe2 Rff7 31. Rxb7 Rg5 32. Rb8+ Kg7 33.
Qd3 Rg6 34. Qxg6+ Qxg6 35. Bxg6 Kxg6 36. hxg4 {1-0 Lunkmoss,G-Kuntzig,W/
Germany 1989/EXT 97-B (36)}) 15. Bg3 (15. Bb1 $5 g5 16. Bg3 Nxg3 17. Nxg3 Qg7 (
17... Qf7 $5) 18. h3 (18. Qd3 Nb4 19. Qe2 Nc6 20. Qd3 Nb4 21. Qe2 Nc6 {1/2-1/2
Sarakauskas,G-Rogovskoy,A/Karvina CZE 2001/The Week in Chess 351 (21)}) 18...
Bd7 19. Qd3 Rxf3 20. Qxf3 Nxd4 21. Qd1 Rf8 22. Rc3 Bc6 23. Rd3 Nf5 24. Nxf5
Rxf5 25. Re3 Rf6 26. a3 Qf7 27. b4 a6 28. Bd3 Bd7 29. Be2 e5 30. Bh5 Qe7 31.
Qxd5+ Be6 {1-0 Dezan,P-Brugerie,S/Chanac 1989/TD (31)}) (15. Bg6 Rxf3 $1 (15...
Nf4 16. Nxf4 Bxf4 17. Bg3 (17. Rc3 Qd6 (17... Bd7 18. Re1 b5 19. Be7 Rfc8 20.
Bc5 Qd8 21. g3 Bc7 22. a3 Qf6 23. Nh4 Ne7 24. Rf3 Nf5 25. Qb3 Nxd4 26. Bxd4
Qxd4 27. Bf7+ {1-0 Laubsch,B-Jostes,M/Germany 1997/EXT 2003 (27)}) 18. Bb1 (18.
Bc2 e5 19. dxe5 Nxe5 20. Nxe5 Bxe5 21. Bg3 Bxg3 22. Rxg3 Rf6 23. Rf3 Rxf3 24.
Qxf3 Be6 25. Qd3 Kf8 26. Re1 Bf7 27. h3 Re8 28. Rxe8+ Bxe8 29. Qf5+ Ke7 30. Qg4
g5 31. Qd4 b6 32. g3 Bf7 33. Bf5 Qf6 34. Qb4+ Qd6 35. Qd4 a5 36. Qe3+ Kf6 37.
Bd3 d4 38. Qe4 Kg7 39. Qh7+ Kf8 40. a3 Qf6 41. Qe4 Qd6 42. h4 Qc5 43. Qh7 Qd6
44. hxg5 hxg5 45. Qf5 Qc5 46. Qf6 Ke8 47. Be4 b5 48. Qc6+ Qxc6 49. Bxc6+ Ke7
50. Bxb5 Ke6 51. b4 axb4 52. axb4 Bg6 53. f3 Kd5 54. Kf2 Bc2 55. Ke2 Bg6 56.
Bd3 Bh5 57. Kf2 Ke5 58. b5 Kd5 59. f4 gxf4 60. gxf4 Bg4 61. f5 Kc5 62. f6 Kd6
63. Kg3 {1-0 Gallagher,J-Barua,D/Torquay 2002/CBM 91 (63)}) 18... e5 19. dxe5
Nxe5 20. Nxe5 Bxe5 21. Bg3 Bxg3 22. hxg3 Bf5 23. Bd3 Kh8 24. g4 Bxd3 25. Rxd3
Rad8 26. g5 hxg5 27. Rh3+ Kg8 28. Qh5 Qh6 29. Qg4 Rf4 30. Rxh6 Rxg4 31. Re6 Re4
32. Rxe4 dxe4 33. Re1 Rd2 34. Rxe4 Rxb2 35. Re7 a6 36. g3 b5 37. a4 bxa4 38.
Re6 a3 39. Rxa6 a2 40. Kg2 g4 41. Ra7 Kf8 {0-1 Karahaliou,E-Spirakopoulos,I/
Ambelokipi 2002/CBM 86 ext (41)}) 17... Qb6 (17... Qd6 18. Bb1 $16) 18. Rc3
Bxg3 19. fxg3 Bd7 20. Bb1 Nxd4 21. Nxd4 e5 22. Rb3 Qxd4+ 23. Qxd4 exd4 24. Rxb7
Bg4 25. Bd3 Rxf1+ 26. Kxf1 Rf8+ 27. Ke1 Rf7 28. Rb8+ Rf8 29. Rb4 Bf5 30. Rxd4
Bxd3 31. Rxd3 Rd8 32. Rf3 Rd7 33. Kd2 g6 34. Kd3 Kg7 35. Rf2 h5 36. Kd4 Rd8 37.
b4 Rb8 38. Kc5 d4 39. a4 d3 40. Rd2 Rc8+ 41. Kd4 Kf6 42. Kxd3 Ke5 43. Rc2 Rf8
44. Kc4 Rc8+ 45. Kb3 Rf8 46. b5 Kd5 47. Kb4 {1-0 Tzermiadianos,A-Schaefer,M/
Sofia 1994/TD (47)}) 16. Bxh5 (16. gxf3 Bxh2+ 17. Kg2 Nf4+ 18. Nxf4 Qxf4 19.
Bg3 Bxg3 20. fxg3 Qf6 $44) 16... Bxh2+ 17. Kh1 Rf8 18. g3 g5 19. Bxg5 hxg5 $11)
(15. Kh1 g5 16. Bg6 Nf4 17. Nxf4 Bxf4 18. Bg3 Qg7 19. Bxf4 Rxf4 20. Qc2 Bd7 21.
Ne5 Nxe5 22. dxe5 Rc8 23. Qd3 Rxc1 24. Rxc1 Qxe5 25. Qd2 Qf6 26. Bc2 Rxf2 27.
Qd3 Qf5 28. Qd1 Qf4 29. Kg1 Qd2 {0-1 Sazonov,A-Rogovskoy,A/Volgograd 1987 (29)}
) (15. Nc3 a6 16. Bb1 Nf4 17. Bg3 g5 18. Re1 Qf7 19. Na4 Bd7 20. Nc5 Bxc5 21.
dxc5 Rae8 22. Ne5 Qg7 23. Nxd7 Qxd7 24. Qd2 e5 25. b4 Nd4 26. Rc3 Qg7 27. a4
Kh8 28. f3 h5 29. Rce3 h4 30. Bf2 h3 31. g3 Ng2 32. Qd3 Nxe1 33. Bxe1 e4 34.
fxe4 dxe4 35. Qd1 Qf6 36. Qh5+ Kg7 37. Qxh3 Nf3+ 38. Rxf3 Qxf3 39. Qd7+ Kg6 40.
Qd6+ Rf6 {0-1 Van Delft,M-Koster,R/Amsterdam NED 2004/The Week in Chess 507 
(40)}) 15... Nxg3 16. Nxg3 Qf7 $1 (16... g5 17. Bb5 $5 (17. a3 Qg7 18. Rc3 Bd7
19. Bb1 Bxg3 20. hxg3 g4 21. Ne5 Nxe5 22. dxe5 Bb5 23. Re1 Rf7 24. Qd4 Qg5 25.
a4 Ba6 26. Ba2 Raf8 27. Rc2 b6 28. b4 Rc8 29. Rxc8+ Bxc8 30. Qc3 Bd7 31. Bb1
Be8 32. b5 Re7 33. Qb4 Kg7 34. Rc1 {1/2-1/2 Sharkanas,G-Tsin,I/Izhevsk 1987 
(34)}) (17. Bb1 Bxg3 18. hxg3 Qg7 19. Qd3 Bd7 20. Rfe1 Rac8 21. Rcd1 Rc7 22.
Ne5 Nxe5 23. Rxe5 Rfc8 24. Qd2 a6 {1/2-1/2 Schoenberger,P-Feibert,F/Bad
Wiessee 2001/EXT 2003 (24)})) 17. Bb1 g5 18. Qd3 (18. Re1 Bd7 19. Kh1 Rac8 20.
a3 Rc7 21. Rc2 Ne7 22. Ne5 Bxe5 23. dxe5 Ba4 24. Rxc7 Bxd1 25. Rxd1 Qe8 26. f3
Nc6 27. Rh7 Nxe5 28. Rxh6 Rf7 29. Rc1 g4 30. f4 Qf8 31. Rxe6 Nc6 32. f5 Re7 33.
Rg6+ Rg7 34. Re6 Re7 35. Rg6+ Kh8 36. Rxg4 Qh6 37. Rf1 Ne5 38. Rgf4 Nf7 39. f6
Re5 40. Rg4 Re6 41. Rg6 Qd2 42. Rg4 Re1 43. Rgf4 Qxf4 44. Rxe1 Qxf6 45. Re8+
Kg7 46. Nh5+ {1-0 Berczes,C-Rudolf,A/Budapest 2003/CBM 96 ext (46)}) 18... Bd7
19. a3 (19. Rce1 a6 $1 $13 (19... Rae8 20. Ne5 $14)) 19... Rae8 20. Rce1 $146 (
20. Rcd1 Re7 21. Rd2 Be8 22. Re1 Qg7 23. Rde2 g4 24. Ne5 Nxe5 25. dxe5 Bc5 26.
Rc1 Bb6 27. Rc8 Qg5 28. Nf1 h5 29. h3 Rg7 30. Qg3 Rgf7 31. hxg4 Rxf2 32. Rxf2
Bxf2+ 33. Qxf2 Rxf2 34. Kxf2 Kf7 35. gxh5 Qf4+ 36. Kg1 Bb5 37. Bg6+ Kg7 38.
Rc7+ Kh6 39. Rf7 Qxe5 40. Rf3 Be2 41. Rf2 d4 42. Nh2 Qe3 {0-1 Brady,S-Ulibin,M/
Port Erin 2002/CBM 90 ext (42)}) 20... Re7 21. h3 (21. Ne5 $5 Nxe5 22. dxe5 Bc5
23. Re2 $13 (23. Qe2 Be8)) 21... Be8 22. Re3 Qg7 (22... Bf4 23. Re2 Qg7 (23...
h5 $5) 24. Rfe1 Rf6 25. Ne5 Nxe5 26. dxe5 Rf8 27. Nf1 a6 28. Qd4 g4 29. hxg4
Qxg4 30. g3 $13) 23. Rfe1 Rxf3 (23... Rf6 $142 24. Ne5 Bxe5 25. dxe5 Rf4 (25...
Rf8 26. b4 a6 27. Qd1 $14) 26. Ne2 Rh4 $11) 24. gxf3 Nxd4 25. Rd1 e5 (25... Bc5
26. Rc1 Rc7 (26... Bb6 27. Rc8 $14) 27. b4 Bb6 28. Rxc7 Qxc7 29. Kg2 $14) (
25... Nc6 $2 26. Nf5 $18) (25... Be5 $2 26. Rxe5 $18) 26. Ba2 Bf7 $8 27. Ne2 (
27. Nf5 Nxf5 28. Qxf5 d4 29. Bxf7+ Rxf7 30. Qc8+ Qf8 31. Qxf8+ Kxf8 $11 {_|_})
27... Bc5 (27... Nxe2+ 28. Rxe2 d4 29. Bxf7+ Rxf7 30. Kg2 $14) 28. Nxd4 (28.
Nc3 Rd7 29. b4 Bb6 30. Na4 Bd8 31. Nc5 Re7 32. Rde1 $13) 28... Bxd4 29. Qxd4
exd4 30. Rxe7 Qf6 31. Rxb7 Qxf3 32. Rxd4 Qxh3 33. Rxa7 Qf5 (33... Qc8 $5) 34.
Rb7 $138 (34. Raa4 $5 h5 $140 35. Rd2 {/\Rad4, ><d5}) 34... h5 35. Ra4 $6 (35.
Rb3 Qc2 (35... h4 36. Rbd3 $16) 36. Rbd3 Qxb2 37. Bxd5 $14) 35... h4 36. Ra8+
Kg7 37. Raa7 Qg4+ 38. Kh2 Qf4+ 39. Kg1 Qg4+ 40. Kh2 1/2-1/2

[Event "Olympiad-36"]
[Site "Mallorca"]
[Date "2004.10.29"]
[Round "14"]
[White "Tyomkin, Dimitri"]
[Black "Tu, Hoang Thong"]
[Result "1-0"]
[WhiteElo "2505"]
[BlackElo "2499"]
[Annotator "Tyomkin,D"]
[PlyCount "83"]
[EventDate "2004.10.15"]
[EventType "team-swiss"]
[EventRounds "14"]
[EventCountry "ESP"]
[SourceTitle "CBM 104"]
[Source "ChessBase"]
[SourceDate "2005.01.27"]
[SourceVersion "1"]
[SourceVersionDate "2005.01.27"]
[SourceQuality "1"]
[WhiteTeam "Canada"]
[BlackTeam "Vietnam"]
[WhiteTeamCountry "CAN"]
[BlackTeamCountry "VIE"]

1. e4 e6 {'Already asurprise! The main opening choice of GM Tu against 1.e4 is
Ruy Lopez, but Tu prepared something for this game!'} 2. d4 d5 3. Nd2 Nf6 4. e5
Nfd7 5. Ngf3 c5 6. c3 Nc6 7. Bd3 Qb6 8. O-O {'That's the line I usually play
against French Defense. I knew my opponent prepared it, but I didn't really
care this time'} cxd4 9. cxd4 Nxd4 {'Vietnamese player prepared the line which
gives black an extra pawn, but it also gives white nice compensation!'} 10.
Nxd4 Qxd4 11. Nf3 Qb6 12. Qa4 Qb4 13. Qc2 Nc5 14. Bd2 Qa4 15. b3 Qd7 16. Be2 {
'My coach, GM Mark Tseitlin, interpretted this position different way:'} (16.
Bb4 b6 (16... Nxd3 17. Bxf8 Kxf8 18. Qxd3 $16 {[%csl Rc8] Bc8 is dead forever!}
) 17. Nd4 $1 Nxd3 18. Bxf8 Ba6 19. Bxg7 Rg8 20. Bf6 Rg4 (20... Rc8 21. Qd2 $16)
21. f4 Qc8 (21... Nxf4 22. Qxh7 Rxg2+ 23. Kh1 $18) 22. Qd2 {1-0 Tseitlin,
M-Holzke,F/Groningen 1997/CBM 62 ext (38). (37) to make a write evaluation
here simply compare kings!}) 16... d4 $2 {'?' 'I knew that Vietnamese players
are very tricky and was considereing more opponent's replies than usual, so d4
didn't really suprise me. This is very dubious move of course- it opens the
game while black isn't developed yet.'} (16... b6 17. Be3 Be7 18. b4 Qa4 $1 19.
Qb2 Ne4 20. a3 Ba6 21. Bxa6 Qxa6 22. Nd4 O-O 23. Rac1 Rfc8 24. Nc6 Bf8 $15 {
0-1 Vajda,L-Czebe,A/Budapest HUN 2004/The Week in Chess 493 (44). (44)}) (16...
Be7 17. Rac1 O-O 18. Nd4 {Black king is castled but the pieces can hardly move.
}) 17. Ne1 {'Missing a chance to punish black on a spot- I just overlooked 18.
Bxd3 blow in following line:'} (17. Rfd1 $1 d3 18. Bxd3 $1 b6 (18... Qxd3 19.
Bg5 $18 {[%csl Yd8] Reminds me games of Paul Morphy versus consultants from
19th century :-)}) (18... Nxd3 19. Bg5 $18) 19. Be3 Bb7 20. Bc4 Qc6 21. Qe2 a6
22. Rac1 $18) 17... b6 18. Rd1 Ba6 19. Be3 {'White has won the opening fight-
white wins back a pawn and keeps the advantage in developement.'} Rc8 20. Rxd4
Qb7 21. Bxa6 Nxa6 22. Qe2 Nc7 23. Nf3 {[%cal Ye2h5] 'The drawback of this move
is that it blocks e2-h5 diagonal of white queen.'} (23. Nd3 $1 Nd5 24. Rc1
Rxc1+ 25. Bxc1 Be7 26. Qg4 g6 27. Bh6 $16) 23... Nd5 24. Ng5 h6 $2 {'?' 'That
was the right time for black to complete the development. But it seems like
chess logic of western players are bit different from the one of players from
the Far East....'} (24... Be7 25. Qh5 (25. Ne4 O-O) 25... Bxg5 26. Bxg5 (26.
Qxg5 O-O 27. Rg4 f6 28. exf6 $14)) (24... Bc5 25. Rh4 h6 26. Bxc5 Nc3 $1 27.
Qd3 Rxc5 28. Rd4 Rc8 29. Nxf7 $1 {Not easy to find those moves without a help
of Fritz and bro's.} Qxf7 30. Rc4 Rxc4 31. Qxc4 {[%cal Gc4c8,Gc4c3]} O-O 32.
Qxc3 $18) 25. Ne4 Be7 26. Qg4 $16 {'+/-' 'Black fails to castle in this game!'}
Kf8 {[%csl Rf8]} (26... O-O 27. Bxh6) 27. Qf3 {[%csl Rf8,Rh8] 'The task is
completed- black can't develop Rh8 and the black king is always a target!'} Qb8
28. Bf4 Qb7 29. Rfd1 Kg8 30. Bg3 Kf8 31. h4 {'Time to advance on a kingside.'}
h5 $6 {[%csl Rg5] '?!' 'This gives up g5 outpost which white going to use for
the attack.'} (31... Kg8 32. h5 {[%cal Re4d6,Rg3h4] first of all blocking
black kingside pawns, and also creating hidden threat Bh4! (BxB Nd6, attacking
Bh4 and Rc8).}) 32. Bf4 Qb8 33. Bh2 Qa8 34. Bg3 {'No reason to hurry up, black
can't do much, also every move adds 30 seconds to my clock!'} b5 35. Bf4 Qb8
36. Bg3 Qb6 37. Bf4 Qb8 {'Pawn moves on move 34, so the position didn't repeat
3 times (I was checking it accurately :-))!'} 38. Qg3 {'Time to win it! Bg5 is
the idea and pawn e5 is protected now.'} Qb6 39. Bg5 f6 $2 {'?' 'Black doesn't
stand a pressure!'} (39... Bxg5 40. hxg5 {[%cal Gg5g6] with the idea g5-g6} g6
41. Nf6 Nxf6 42. gxf6 {[%cal Gd4d7] and Rd7 then.}) (39... Bc5 40. R4d3 $16)
40. Qf3 f5 {'Allows white to finish the game by tactical blow!'} (40... Kf7 41.
exf6 gxf6 42. Bxf6 Nxf6 (42... Bxf6 43. Nxf6 Nxf6 44. Rd7+ Kg6 45. Qd3+ {
[%cal Rd3d2,Rd2g5] with mate in 3.}) 43. Rd7 {[%cal Rf3f6,Re4f6,Re4d6] and
White threatens Nxf6 or Qxf6 also Nd6 check- black is defendless agaisnt all
those threats.}) {[%tqu "En","find the decisive blow!","","","d4d5","",10]} 41.
Rxd5 $1 exd5 42. Qxf5+ {[%cal Rf5c8] and Qxc8 then.} 1-0